000 01717cam a22004694i 4500
003 PE-LiUPU
005 20250731173506.0
008 150616s r 000 0 d
020 _a0802808530
035 _a(Sirsi) i9780802808530
040 _aPE-LiUPU
_bspa
_cPE-LiUPU
_erda
049 _aPRUA
082 0 4 _a291.042
_bE26
_221
110 2 _aW.B. Eerdmans Publishing Company
245 1 0 _aEerdmans' Handbook to The World's Religions.
264 1 _aGrand Rapids, Michigan :
_bW.B. Eerdmans Publishing Company,
_c1994.
300 _a464 páginas ;
_c22 centímetros
336 _atext
_2rdacontent
337 _aunmediated
_2rdamedia
338 _avolume
_2rdacarrier
505 0 _aThe development of religion -- ancient religions -- The primal religions -- Living religions of the east -- People of a book -- Christianity: Christ at the centre -- Religion in today's world -- Rapid fact-finder.
526 _aSEG42
526 _aSEG41
526 _aSEG40
526 _aSEG39
526 _aP94
526 _aP87
526 _aP86
526 _aP85
526 _aP77
526 _aP76
526 _aP35
650 0 4 _aRELIGIONES COMPARADAS.
650 0 4 _aRELIGIONES PRIMITIVAS
_xESTUDIO Y ENSEÑANZA.
910 _ajck
_bjvq
_cjck
942 _2ddc
_cBOOK
949 _a291.042 E26
_wDEWEY
_c1
_i40467
_lCCODEBUL1
_mBUL
_r0
_sY
_tBOOK
_u2015-6-16
_xTEOLOGIA
_zUNKNOWN
_0COMPRA
_o.STAFF. Colección General
994 _aC0
_bPEPRU
596 _a1
999 _a291.042 E26
_wDEWEY
_c58260
_i40467
_f2021-11-11
_g5
_lCCODEBUL1
_mBUL
_r0
_sY
_tBOOK
_u2015-6-16
_xTEOLOGIA
_zUNKNOWN
_0COMPRA
_o.STAFF. Colección General
_d58260
980 _81
_gALBERTO SANCHEZ Responsable de Automatización